000 01364cam a2200349 a 4500
001 15930637
003 OSt
005 20150408114000.0
008 111215s2009 enk b 001 0 eng
010 _a
020 _a9780199571581 (hbk.)
020 _a0199571589 (hbk.)
035 _a(OCoLC)ocn430497052
040 _aUKM
_cMU
042 _aukscp
_alccopycat
082 0 4 _a809.170905 R R M
_222
100 1 _aRobertson, Ritchie.
_98525
245 1 0 _aMock-epic poetry from Pope to Heine /
_cRitchie Robertson.
260 _aOxford :
_bOxford University Press,
_c2009.
300 _a456 p. ;
_c25 cm.
504 _aIncludes bibliographical references (p. [426]-441) and index.
650 0 _aMock-heroic literature
_xHistory and criticism.
_98526
650 0 _aEnglish poetry
_y18th century
_xHistory and criticism.
_97887
650 0 _aFrench poetry
_y18th century
_xHistory and criticism.
_98527
650 0 _aGerman poetry
_y18th century
_xHistory and criticism.
_98528
650 0 _aEnglish poetry
_y19th century
_xHistory and criticism.
_98345
650 0 _aFrench poetry
_y19th century
_xHistory and criticism.
_98529
650 0 _aGerman poetry
_y19th century
_xHistory and criticism.
_98530
906 _a7
_bcbc
_ccopycat
_d2
_eepcn
_f20
_gy-gencatlg
942 _2ddc
_cDVD
999 _c20030
_d254530